[Event "World Youth Girl U14 2016"]
[Site "Khanty-Mansiysk RUS"]
[Date "2016.09.30"]
[Round "8.16"]
[White "Alekseenko, Mariya"]
[Black "Sibajeva, Marija"]
[Result "1/2-1/2"]
[BlackTitle "WCM"]
[WhiteElo "1643"]
[BlackElo "1913"]
[WhiteFideId "44172729"]
[BlackFideId "12807583"]
[EventDate "2016.09.22"]

1. e4 c5 2. Nf3 e6 3. d4 cxd4 4. Nxd4 Nc6 5. Be3 Nf6 6. f3 a6 7. c4 Bb4+ 8. Nc3
O-O 9. a3 Be7 10. Be2 d6 11. O-O Bd7 12. b4 Rc8 13. Nb3 Ne5 14. c5 dxc5 15. Nxc5
Qc7 16. Rc1 Bc6 17. Qb3 Rfd8 18. N3a4 b5 19. Nb2 Bxc5 20. Rxc5 Nfd7 21. Rc2 Nb6
22. Rfc1 Qb7 23. Bf4 Ng6 24. Be3 Ne5 25. Rc3 Ng6 26. Nd3 Na4 27. R3c2 h6 28. Nc5
Nxc5 29. Rxc5 Ne7 30. Qc3 Bd7 31. Rc7 Qb8 32. Bd4 f6 33. Rc5 e5 34. Qb3+ Kh8 35.
Be3 Rxc5 36. Rxc5 Qd6 37. Qc3 Be6 38. Kf2 Bf7 39. Qc1 Kh7 40. Rc3 Qb8 41. Rc7
Rc8 42. Rxc8 Qxc8 43. Qxc8 Nxc8 44. Bc5 Kg8 45. Bd1 Be6 46. Ke2 Kf7 47. Kd3 Ke8
48. Kc3 g6 49. Be2 1/2-1/2

[Event "World Youth Girl U14 2016"]
[Site "Khanty-Mansiysk RUS"]
[Date "2016.09.30"]
[Round "8.17"]
[White "Gomez Barrera, Javiera Belen"]
[Black "Akulova, Alicia"]
[Result "1-0"]
[WhiteTitle "WFM"]
[WhiteElo "2027"]
[BlackElo "1563"]
[WhiteFideId "3418723"]
[BlackFideId "242861"]
[EventDate "2016.09.22"]

1. e4 c5 2. Nf3 a6 3. d4 cxd4 4. Nxd4 Nf6 5. Nc3 Nc6 6. Nxc6 bxc6 7. e5 Ng8 8.
Bc4 d5 9. exd6 exd6 10. O-O Nf6 11. Re1+ Be7 12. Qe2 d5 13. Bf4 Be6 14. Bxa6 Qb6
15. Bd3 Qxb2 16. Be5 Qa3 17. Rab1 O-O 18. Nd1 c5 19. Ne3 Nd7 20. Bxg7 Kxg7 21.
Nf5+ Kh8 22. Nxe7 Rfc8 23. Qh5 Nf6 24. Qh6 Qc3 25. Nc6 Bf5 26. Ne5 Bxd3 27.
Qxf6+ Kg8 28. cxd3 1-0

[Event "World Youth Girl U14 2016"]
[Site "Khanty-Mansiysk RUS"]
[Date "2016.09.30"]
[Round "8.18"]
[White "Schulze, Lara"]
[Black "Pandey, Ritika"]
[Result "1-0"]
[WhiteTitle "WFM"]
[WhiteElo "2034"]
[BlackElo "1641"]
[WhiteFideId "12956830"]
[BlackFideId "30903670"]
[EventDate "2016.09.22"]

1. e4 e5 2. Nf3 Nc6 3. Nc3 Nf6 4. d4 exd4 5. Nxd4 Bb4 6. Nxc6 bxc6 7. Bd3 O-O 8.
O-O d5 9. exd5 cxd5 10. h3 h6 11. Qf3 c6 12. Bf4 Bd6 13. Rfe1 Be6 14. Na4 Rb8
15. b3 Qc7 16. Bxd6 Qxd6 17. Qe3 d4 18. Qe5 Rbd8 19. Re2 Qb4 20. Qc5 Qxc5 21.
Nxc5 Rfe8 22. a4 Rd5 23. b4 Kf8 24. Na6 Bf5 25. Rxe8+ Nxe8 26. Bxf5 Rxf5 27. Nb8
c5 28. Nd7+ Ke7 29. Nxc5 Re5 30. Nb3 Rd5 31. Re1+ Kd7 32. Rd1 Nc7 33. Kf1 Ne6
34. c4 Rd6 35. c5 Rd5 36. g3 f5 37. Ke2 f4 38. g4 g5 39. Kd3 Re5 40. Kc4 Kc7 41.
Rd3 Re2 42. f3 Ra2 43. Kd5 Nd8 44. Nxd4 Rxa4 45. b5 Ra5 46. Rb3 Ra1 47. Nf5 Rd1+
48. Nd4 Ra1 49. Rd3 Ra5 50. Kc4 Ra1 51. Kb4 Kc8 52. Ra3 Rxa3 53. Kxa3 Nf7 54.
Nc6 Kb7 55. Kb4 Ka8 56. Kc4 Kb7 57. Kd5 a6 58. b6 Kc8 59. Ke6 Nd8+ 60. Nxd8 Kxd8
61. c6 a5 62. Kd5 1-0

[Event "World Youth Girl U14 2016"]
[Site "Khanty-Mansiysk RUS"]
[Date "2016.09.30"]
[Round "8.19"]
[White "Mangalam, Shreya B"]
[Black "Nestorovic, Katarina"]
[Result "1-0"]
[WhiteElo "1739"]
[BlackElo "2017"]
[WhiteFideId "2085070"]
[BlackFideId "954632"]
[EventDate "2016.09.22"]

1. e4 c5 2. Nf3 e6 3. d4 cxd4 4. Nxd4 Nf6 5. Nc3 d6 6. Be2 Be7 7. O-O O-O 8. f4
a6 9. Be3 Qc7 10. Kh1 b5 11. a3 Bb7 12. Bf3 Nbd7 13. Qe2 Nb6 14. e5 dxe5 15.
fxe5 Nfd7 16. Bxb7 Qxb7 17. Bf4 Nc4 18. b3 Nxa3 19. Qg4 Rfe8 20. Rae1 Nf8 21. h4
Rac8 22. Re3 Ng6 23. h5 Nxf4 24. Rxf4 Bf8 25. Ne4 Red8 26. Rg3 Rc7 27. Ng5 Re8
28. Rgf3 Qd5 29. Nxf7 Nxc2 30. Nh6+ 1-0

[Event "World Youth Girl U14 2016"]
[Site "Khanty-Mansiysk RUS"]
[Date "2016.09.30"]
[Round "8.20"]
[White "Smbatyan, Qristine"]
[Black "Makhija, Aashna"]
[Result "0-1"]
[WhiteElo "1506"]
[BlackElo "1830"]
[WhiteFideId "13308319"]
[BlackFideId "25011944"]
[EventDate "2016.09.22"]

1. e4 e6 2. d4 d5 3. Nd2 Nc6 4. Ngf3 Nf6 5. e5 Nd7 6. Nb3 a5 7. a4 Be7 8. Bb5
Na7 9. Bd3 b6 10. O-O O-O 11. Bf4 c5 12. c4 Bb7 13. Qe2 Rc8 14. Rfd1 Qc7 15.
Rac1 Qb8 16. Bg5 Rfe8 17. Bxe7 Rxe7 18. Rc3 g6 19. Re1 dxc4 20. Bxc4 Bxf3 21.
gxf3 Nc6 22. dxc5 Ndxe5 23. cxb6 Qxb6 24. Bb5 Rec7 25. f4 Nd7 26. Rd1 Nf6 27.
Qe3 Qxe3 28. fxe3 Nd5 29. Rxc6 Rxc6 30. Bxc6 Rxc6 31. Nxa5 Ra6 32. Nc4 Rxa4 33.
b3 Rb4 34. Rd3 Kg7 35. Kf2 f5 36. Nd6 Kf6 37. Kf3 Ke7 38. Nc4 h6 39. Ne5 Kf6 40.
Nd7+ Kf7 41. h4 Rb7 42. Ne5+ Kf6 43. Nc6 Rc7 44. Na5 Rc1 45. Nc4 Rh1 46. Kg3
Rg1+ 47. Kh2 Rg4 48. Kh3 Rxf4 49. Rxd5 Rxc4 50. Rxf5+ exf5 51. bxc4 Ke6 52. Kg3
g5 53. hxg5 hxg5 54. Kf3 Ke5 55. Kg3 g4 56. Kg2 Kd6 57. Kg3 Kc5 58. Kf4 Kxc4 59.
e4 g3 60. Kxg3 fxe4 0-1

[Event "World Youth Girl U14 2016"]
[Site "Khanty-Mansiysk RUS"]
[Date "2016.09.30"]
[Round "8.21"]
[White "Bellahcene, Meriem"]
[Black "Vanduyfhuys, Daria"]
[Result "0-1"]
[WhiteElo "1729"]
[BlackElo "1810"]
[WhiteFideId "20655347"]
[BlackFideId "246336"]
[EventDate "2016.09.22"]

1. e4 c5 2. Nf3 Nc6 3. d4 cxd4 4. Nxd4 e5 5. Nb5 d6 6. g3 Nf6 7. Bg5 Be7 8. Bxf6
gxf6 9. Nd2 a6 10. Nc3 Be6 11. Bg2 O-O 12. O-O Kh8 13. Nd5 f5 14. exf5 Bxf5 15.
Be4 Bg6 16. c3 f5 17. Bg2 Bg5 18. Nc4 Rb8 19. Qe2 b5 20. Nce3 f4 21. gxf4 exf4
22. Nxf4 Bxf4 23. Bxc6 Qh4 24. f3 Bd3 25. Qf2 Rg8+ 26. Kh1 Qxf2 27. Rxf2 Bxe3
28. Rg2 Rxg2 29. Kxg2 Rg8+ 30. Kh1 Bf4 31. Rg1 Rxg1+ 32. Kxg1 Kg7 0-1

[Event "World Youth Girl U14 2016"]
[Site "Khanty-Mansiysk RUS"]
[Date "2016.09.30"]
[Round "8.22"]
[White "Koubova, Anna Marie"]
[Black "Puppi Lazo, Stephanie Beatriz"]
[Result "0-1"]
[WhiteElo "1822"]
[BlackElo "1710"]
[WhiteFideId "381470"]
[BlackFideId "3826104"]
[EventDate "2016.09.22"]

1. d4 Nf6 2. c4 e6 3. Nc3 Bb4 4. Qc2 d5 5. cxd5 exd5 6. Bg5 c5 7. dxc5 h6 8. Bh4
Be6 9. e3 O-O 10. Nf3 Nbd7 11. Be2 Rc8 12. a3 Bxc5 13. O-O Be7 14. Rac1 g5 15.
Bg3 Ne4 16. Nd4 Nxc3 17. bxc3 Nc5 18. Bd3 Nxd3 19. Qxd3 Bd7 20. f4 Bxa3 21. Rb1
b6 22. Rb3 Bc5 23. Qe2 Bxd4 24. cxd4 g4 25. f5 h5 26. h3 Qg5 27. hxg4 Qxg4 28.
Qxg4+ hxg4 29. Rf4 Kh7 30. Bf2 Rg8 31. Kh2 Rg5 32. f6 Rc6 33. e4 dxe4 34. Rxe4
Rh5+ 35. Kg3 Rxf6 36. Re7 Be6 37. Ra3 a5 38. Rb7 Rb5 39. Be3 Rg6 40. Bf4 Rb2 41.
Bc7 Bd5 42. Rxb6 Rgxb6 43. Bxb6 Rxb6 44. Rxa5 Be6 45. Kf4 Rb2 46. d5 Rf2+ 47.
Ke5 Rf5+ 48. Kd6 Rh5 0-1

[Event "World Youth Girl U14 2016"]
[Site "Khanty-Mansiysk RUS"]
[Date "2016.09.30"]
[Round "8.23"]
[White "Gomes, Maria Eduarda"]
[Black "Beshukova, Alina"]
[Result "0-1"]
[WhiteElo "1569"]
[BlackElo "1820"]
[WhiteFideId "2158957"]
[BlackFideId "24164828"]
[EventDate "2016.09.22"]

1. d4 Nf6 2. c4 g6 3. Nc3 Bg7 4. e4 d6 5. Nge2 O-O 6. Ng3 c5 7. d5 a6 8. Be2 b5
9. cxb5 Qa5 10. O-O Bd7 11. bxa6 Nxa6 12. Bd2 Qb6 13. Rb1 Rfb8 14. a3 h5 15. Bg5
Nc7 16. Qd2 Nb5 17. Nxb5 Bxb5 18. Rfc1 Bxe2 19. Qxe2 Kf8 20. b4 Rxa3 21. bxc5
Qxb1 22. Rxb1 Rxb1+ 23. Nf1 dxc5 24. h3 Raa1 25. Bxf6 Bxf6 26. g3 Rxf1+ 27. Qxf1
Rxf1+ 28. Kxf1 Bd4 0-1

[Event "World Youth Girl U14 2016"]
[Site "Khanty-Mansiysk RUS"]
[Date "2016.09.30"]
[Round "8.24"]
[White "Nayberg, Simona"]
[Black "Ebeling, Mariela"]
[Result "1-0"]
[WhiteElo "1807"]
[BlackElo "1459"]
[WhiteFideId "2075180"]
[BlackFideId "508080"]
[EventDate "2016.09.22"]

1. e4 e5 2. Nf3 Nc6 3. Bc4 Nf6 4. Ng5 d5 5. exd5 Na5 6. Bb5+ c6 7. dxc6 bxc6 8.
Bd3 h6 9. Ne4 Nxe4 10. Bxe4 Qd4 11. d3 Be7 12. Nc3 Bb7 13. O-O c5 14. Be3 Qd7
15. Qh5 Bd6 16. f4 exf4 17. Bxf4 Bxf4 18. Rxf4 Nc6 19. Qxc5 Rd8 20. Re1 Ne7 21.
Nb5 Kf8 22. Bxb7 Qxb7 23. Nd6 Qc6 24. Qxc6 Nxc6 25. Nxf7 Kg8 26. Nxd8 Nxd8 27.
Re8+ Kh7 28. Rxh8+ Kxh8 29. Rf8+ 1-0

[Event "World Youth Girl U14 2016"]
[Site "Khanty-Mansiysk RUS"]
[Date "2016.09.30"]
[Round "8.25"]
[White "Makarova, Anastasiya"]
[Black "Barmagambetova, Sakypzhama"]
[Result "0-1"]
[WhiteElo "1471"]
[BlackElo "1744"]
[WhiteFideId "54102731"]
[BlackFideId "13723103"]
[EventDate "2016.09.22"]

1. c4 e5 2. Nc3 Nf6 3. e4 Bc5 4. g3 d6 5. h3 Be6 6. d3 Nc6 7. Bg2 a6 8. Nge2 Qd7
9. a3 a5 10. Nd5 Nd4 11. f4 Bxd5 12. cxd5 a4 13. Nxd4 Bxd4 14. Qe2 Qb5 15. f5
Nd7 16. Qc2 Nc5 17. Bf1 Nb3 18. Rb1 Qb6 19. g4 Rc8 20. Bd2 Bf2+ 21. Kd1 c6 22.
Be2 O-O 23. dxc6 Rxc6 24. Bc3 Rfc8 25. Bf1 Bd4 26. Bxd4 Qxd4 27. Qe2 Rc1+ 28.
Rxc1 Rxc1# 0-1

[Event "World Youth Girl U14 2016"]
[Site "Khanty-Mansiysk RUS"]
[Date "2016.09.30"]
[Round "8.26"]
[White "Sahin, Hayrun Nisa"]
[Black "Skaslien, Ingrid"]
[Result "1/2-1/2"]
[WhiteElo "1725"]
[BlackElo "1588"]
[WhiteFideId "6380875"]
[BlackFideId "1520660"]
[EventDate "2016.09.22"]

1. e4 c5 2. Nf3 Nc6 3. d4 cxd4 4. Nxd4 Qb6 5. Nb3 Nf6 6. Nc3 e6 7. g3 Bb4 8. Bg2
Qc7 9. O-O Bxc3 10. bxc3 b6 11. f4 Ba6 12. Re1 d6 13. Nd4 Ne7 14. Re3 O-O 15.
Bf1 Bxf1 16. Qxf1 Qb7 17. Qe2 a6 18. Ba3 d5 19. e5 Ne4 20. c4 Nc5 21. Bxc5 bxc5
22. Rb3 Qc7 23. Nf3 d4 24. Ng5 h6 25. Ne4 Rfb8 26. Rab1 Nc6 27. Nxc5 Na5 28.
Nxa6 Rxb3 29. Nxc7 Rxb1+ 30. Kg2 Rc8 31. Nb5 Nxc4 32. Nxd4 Rb2 33. f5 exf5 34.
Nxf5 Kf8 35. Kh3 Rc6 36. Qe4 Rbb6 37. Nd4 Rc7 38. Qa8+ Ke7 39. Qd5 g5 40. Nb5
Rcc6 41. Nd4 Rc7 42. a4 Ra6 43. Nb5 Rcc6 44. Nd6 Nxd6 45. exd6+ Rxd6 46. Qe5+
Re6 47. Qc7+ Kf6 48. Qc3+ 1/2-1/2

[Event "World Youth Girl U14 2016"]
[Site "Khanty-Mansiysk RUS"]
[Date "2016.09.30"]
[Round "8.28"]
[White "Tharushi, T H D Niklesha"]
[Black "Plaza Reino, Mercedes"]
[Result "1-0"]
[WhiteElo "1584"]
[BlackElo "1665"]
[WhiteFideId "9918264"]
[BlackFideId "24511951"]
[EventDate "2016.09.22"]

1. d4 d5 2. c4 e6 3. Nc3 Nf6 4. cxd5 exd5 5. Bg5 Nbd7 6. e3 c6 7. Bd3 Bd6 8.
Nge2 h6 9. Bh4 O-O 10. Qc2 Re8 11. h3 b6 12. O-O Bb7 13. Bg3 Nf8 14. Bxd6 Qxd6
15. Ng3 Ne6 16. Nf5 Qd7 17. Qa4 Ng5 18. Ng3 Nge4 19. Ncxe4 dxe4 20. Bc2 g6 21.
Rfd1 Qe7 22. Rac1 a6 23. Qc4 Rac8 24. Qb3 b5 25. a4 Red8 26. Bb1 Rc7 27. Ba2 Bc8
28. Qc2 Rdd7 29. Bb1 Qb4 30. Nxe4 Nxe4 31. Qxe4 Qxa4 32. Rd3 Re7 33. Qf3 Bb7 34.
Rdc3 Qb4 35. d5 c5 36. e4 Red7 37. b3 Qd4 38. Qd3 Qxd3 39. Bxd3 Rd8 40. Rxc5 Re7
41. Rc7 Red7 42. f3 Kf8 43. Kf2 g5 44. g4 f6 45. Ke3 Ke7 46. Kd4 Kd6 47. R7c5
Re8 48. f4 Rde7 49. Rf1 gxf4 50. Rxf4 Rf7 51. h4 Re5 52. Rc2 Re8 53. g5 hxg5 54.
hxg5 Ref8 55. gxf6 Re8 56. Rf5 Kd7 57. e5 Kd8 58. Rg5 Ba8 59. Bf5 Bb7 60. Rg7 1-0

[Event "World Youth Girl U14 2016"]
[Site "Khanty-Mansiysk RUS"]
[Date "2016.09.30"]
[Round "8.30"]
[White "Marais, Nina"]
[Black "Nasybullina, Dayana"]
[Result "1/2-1/2"]
[WhiteTitle "WCM"]
[WhiteElo "1544"]
[BlackElo "1622"]
[WhiteFideId "14306883"]
[BlackFideId "34127280"]
[EventDate "2016.09.22"]

1. d4 Nf6 2. Nf3 e6 3. c4 d5 4. Nc3 dxc4 5. e4 c5 6. Bxc4 cxd4 7. Qxd4 Qxd4 8.
Nxd4 Bb4 9. Bd2 Bxc3 10. Bxc3 Nxe4 11. Nb5 Na6 12. Bd4 O-O 13. f3 Nec5 14. Nxa7
Rd8 15. Bxc5 Nxc5 16. Nxc8 Raxc8 17. O-O Kf8 18. Rfd1 Ke7 19. b3 Nd7 20. a4 Nb6
21. Rxd8 Kxd8 22. Rd1+ Ke7 23. Bb5 Nd5 24. Rd3 Rc2 25. g3 Kd6 26. h4 Kc5 27. Be8
f6 28. Bf7 Rc3 29. Rxc3+ Nxc3 30. Bxe6 Kb4 31. Kf2 Na2 32. g4 Nc1 33. Ke3 Nxb3
34. g5 Kxa4 35. Kf4 b5 36. Bg8 fxg5+ 37. Kxg5 Nd4 38. f4 Kb4 39. Bxh7 Kc3 40.
Kg6 Ne6 41. f5 Nf8+ 42. Kxg7 Nxh7 43. Kxh7 b4 44. f6 b3 45. f7 b2 46. f8=Q b1=Q+
47. Kg8 Qa2+ 48. Kh8 Qh2 49. Qf6+ Kc4 50. Qf7+ Kc5 51. h5 Qe5+ 52. Kh7 Qe4+ 53.
Qg6 Qe7+ 54. Kh6 Qf8+ 55. Kg5 Qd8+ 56. Kf4 Qd2+ 57. Kg3 Qe3+ 58. Kh4 Qe1+ 59.
Qg3 Qe4+ 60. Kg5 Qe7+ 1/2-1/2

[Event "World Youth Girl U14 2016"]
[Site "Khanty-Mansiysk RUS"]
[Date "2016.09.30"]
[Round "8.31"]
[White "Oberholzer, Imarie"]
[Black "Gronn, Embla Ekeland"]
[Result "1/2-1/2"]
[WhiteTitle "WFM"]
[WhiteElo "1512"]
[BlackElo "1533"]
[WhiteFideId "14306506"]
[BlackFideId "1517600"]
[EventDate "2016.09.22"]

1. e4 c6 2. d4 d5 3. exd5 cxd5 4. Bd3 Nc6 5. c3 Qc7 6. Be3 Nf6 7. Nd2 Bg4 8. Qb3
e6 9. Ngf3 Be7 10. O-O O-O 11. h3 Bh5 12. Rfe1 Rab8 13. Ne5 Nd7 14. Nxd7 Qxd7
15. Bf4 Bd6 16. Bxd6 Qxd6 17. Be2 Bxe2 18. Rxe2 b5 19. a3 a5 20. Qd1 b4 21. axb4
axb4 22. cxb4 Nxb4 23. Nb3 1/2-1/2

[Event "World Youth Girl U14 2016"]
[Site "Khanty-Mansiysk RUS"]
[Date "2016.09.30"]
[Round "8.32"]
[White "Yapa Bandara, Chamodya"]
[Black "Kvamme, Ingrid Jodre"]
[Result "1/2-1/2"]
[WhiteElo "1582"]
[BlackElo "1450"]
[WhiteFideId "9914706"]
[BlackFideId "1516981"]
[EventDate "2016.09.22"]

1. e4 c5 2. Nf3 g6 3. d4 Bg7 4. Nc3 cxd4 5. Nxd4 Nc6 6. Be3 Nf6 7. Bc4 Qa5 8. f3
Qb6 9. Nf5 Qxb2 10. Nxg7+ Kf8 11. Bd2 Kxg7 12. Nb5 Qe5 13. Bc3 Qc5 14. Qe2 d6
15. Rd1 Re8 16. Nc7 Bd7 17. Nxa8 Rxa8 18. Rd5 Qa3 19. Bxf6+ Kxf6 20. O-O Be6 21.
g4 Bxd5 22. exd5 Ne5 23. Bb3 Re8 24. Kh1 Kg7 25. f4 Nd7 26. Qb5 Qa6 27. Qxa6
bxa6 28. Ba4 Rd8 29. Rf3 Nc5 30. Bc6 Rb8 31. Rc3 Rb4 32. Rf3 Rc4 33. Rf2 Rc3 34.
Kg2 Ra3 35. Rf3 Rxf3 36. Kxf3 h6 1/2-1/2

[Event "World Youth Girl U14 2016"]
[Site "Khanty-Mansiysk RUS"]
[Date "2016.09.30"]
[Round "8.33"]
[White "Parhomenko, Anastasija"]
[Black "Bitkova, Elizavetta"]
[Result "1-0"]
[WhiteElo "1506"]
[BlackElo "1415"]
[WhiteFideId "11606185"]
[BlackFideId "4506014"]
[EventDate "2016.09.22"]

1. d4 d5 2. b3 e6 3. Nf3 f5 4. e3 Nf6 5. Bb2 c6 6. Bd3 g6 7. Nbd2 Bg7 8. Ne5
Nbd7 9. Ndf3 Ne4 10. Nd2 Qe7 11. f4 Nxe5 12. fxe5 Bh6 13. Bxe4 dxe4 14. Qe2 O-O
15. g3 Qd8 16. O-O-O b5 17. h4 a5 18. g4 a4 19. g5 Bg7 20. h5 Rf7 21. hxg6 hxg6
22. Qh2 Rf8 23. Qh7+ Kf7 24. Nxe4 fxe4 25. Rdf1+ Ke8 26. Qxg6+ Ke7 27. Qxg7+ 1-0

[Event "World Youth Girl U14 2016"]
[Site "Khanty-Mansiysk RUS"]
[Date "2016.09.30"]
[Round "8.34"]
[White "Khannanova, Lina"]
[Black "Idirisinghe, I M N H"]
[Result "1-0"]
[WhiteElo "1397"]
[BlackElo "1436"]
[WhiteFideId "44131623"]
[BlackFideId "9915478"]
[EventDate "2016.09.22"]

1. c4 e6 2. d4 d5 3. Nc3 c5 4. cxd5 exd5 5. g3 Nc6 6. Nf3 Nf6 7. Bg5 cxd4 8.
Nxd4 Be7 9. Bg2 O-O 10. e3 Be6 11. Nde2 h6 12. Bxf6 Bxf6 13. Nxd5 Bxb2 14. Rb1
Qa5+ 15. Qd2 Ba3 16. Qxa5 Nxa5 17. O-O Rab8 18. Nd4 Bxd5 19. Bxd5 Rfd8 20. Bg2
b6 21. Nb5 Be7 22. Nxa7 Rd2 23. a4 Bf6 24. Nc6 Nxc6 25. Bxc6 Ra2 26. Kg2 Bc3 27.
h4 Bd2 28. Kh3 Ba5 29. g4 Rc8 30. Bb5 Rcc2 31. Kg3 Bc3 32. Rbc1 Be5+ 33. f4 Rg2+
34. Kf3 Bf6 35. g5 hxg5 36. hxg5 Be7 37. Bd3 g6 38. Ra1 Rad2 39. Bb5 Bc5 40. a5
bxa5 41. Rxa5 Rh2 42. Ke4 Rh3 43. Rf3 Rh1 44. Bc4 Be7 45. Ra6 Re1 46. Rxg6+ Kf8
47. Ra6 Bc5 48. Bd3 Red1 49. Bb5 Rd5 50. Rf1 R1d2 51. Re1 Rd8 52. g6 fxg6 53.
Rxg6 R2d5 54. Bc6 Rd2 55. f5 Rg2 56. Ke5 Rd3 57. e4 Bd4+ 58. Ke6 Bc3 59. Rg1
Rgd2 60. Rg8# 1-0

[Event "World Youth Girl U14 2016"]
[Site "Khanty-Mansiysk RUS"]
[Date "2016.10.01"]
[Round "9.1"]
[White "Zhu, Jiner"]
[Black "Badelka, Olga"]
[Result "0-1"]
[WhiteElo "2024"]
[BlackElo "2222"]
[WhiteFideId "8608059"]
[BlackFideId "13509926"]
[EventDate "2016.09.22"]

1. e4 c5 2. Nf3 Nc6 3. d4 cxd4 4. Nxd4 Qb6 5. Nb3 Nf6 6. Nc3 e6 7. Qe2 Bb4 8.
Bd2 O-O 9. a3 Be7 10. O-O-O a6 11. g4 d5 12. Be3 Qc7 13. exd5 Nxd5 14. Nxd5 exd5
15. Bg2 Ne5 16. Bxd5 Bxg4 17. f3 Be6 18. Bxe6 fxe6 19. Bd4 Bg5+ 20. Kb1 Nxf3 21.
Qxe6+ Qf7 22. Qxf7+ Rxf7 23. Bc3 h5 24. Nd4 Nxd4 25. Bxd4 h4 26. Rhg1 Bf4 27.
Bf2 h3 28. Bg3 Be3 29. Rgf1 Rxf1 30. Rxf1 Rf8 31. Rd1 Rf3 32. Be5 Kf7 33. c4 g5
34. Kc2 Ke6 35. Bc7 Bf4 36. Bxf4 Rxf4 37. Kd3 Rf2 38. Re1+ Kf5 39. Re2 Rf3+ 40.
Kd4 Kg4 41. Re4+ Kh5 42. Re2 Rf4+ 43. Kd5 Kg4 44. Rd2 Rf1 45. b4 Rg1 46. Rd4+
Kf5 47. Kc5 Rg2 48. Kb6 Rxh2 49. Kxb7 g4 50. c5 Rc2 51. c6 h2 52. Rd5+ Kf4 53.
Rh5 g3 54. a4 Kg4 55. Rh8 Rb2 56. b5 axb5 57. a5 Rf2 58. Rg8+ Kf4 59. Rh8 Ke5
60. a6 Rf7+ 61. c7 g2 62. Rh5+ 0-1

[Event "World Youth Girl U14 2016"]
[Site "Khanty-Mansiysk RUS"]
[Date "2016.10.01"]
[Round "9.2"]
[White "Antova, Gabriela"]
[Black "Wang, Annie"]
[Result "0-1"]
[WhiteTitle "FM"]
[BlackTitle "WIM"]
[WhiteElo "2253"]
[BlackElo "2013"]
[WhiteFideId "2915235"]
[BlackFideId "2053900"]
[EventDate "2016.09.22"]

1. d4 Nf6 2. c4 e6 3. Nc3 Bb4 4. e3 O-O 5. Bd3 d5 6. Ne2 dxc4 7. Bxc4 b6 8. O-O
Bb7 9. a3 Bd6 10. Ng3 Nbd7 11. Qe2 c5 12. Rd1 cxd4 13. exd4 Qc7 14. Be3 Rac8 15.
Bd3 Qb8 16. Rac1 Rfd8 17. Rf1 Nf8 18. Nb5 Rxc1 19. Rxc1 Ng6 20. Nxd6 Qxd6 21.
Qd2 Nh4 22. Bf1 h6 23. Qe2 Nd5 24. Ne4 Qe7 25. Nc3 Nxe3 26. fxe3 Qg5 27. Rc2 e5
28. dxe5 Qxe5 29. Rd2 Rxd2 30. Qxd2 Qg5 31. Qf2 Nf3+ 32. Kh1 Ne5 33. Qf4 Qe7 34.
Be2 Ng6 35. Qd4 Nh4 36. e4 Qg5 37. g3 Ng6 38. Qd1 Qe3 39. Bf3 Ne5 40. Kg2 Nd3
41. Qe2 Qxe2+ 42. Bxe2 Nxb2 43. Kf2 Bc6 44. Nb5 a5 45. Nc3 Na4 46. Nxa4 Bxa4 47.
Ke3 Kf8 48. Kd4 Ke7 49. Bc4 f6 50. e5 fxe5+ 51. Kxe5 Bc6 52. Ba2 b5 53. h4 Bd7
54. Bb3 Bg4 55. Kf4 Be6 56. Bc2 Kf6 57. Bd3 b4 58. axb4 axb4 59. g4 g5+ 60.
hxg5+ hxg5+ 61. Kf3 b3 62. Bb1 b2 63. Kg3 Bf7 0-1

[Event "World Youth Girl U14 2016"]
[Site "Khanty-Mansiysk RUS"]
[Date "2016.10.01"]
[Round "9.3"]
[White "Zotova, Anastasia"]
[Black "Vantika, Agrawal"]
[Result "0-1"]
[WhiteTitle "WFM"]
[WhiteElo "2171"]
[BlackElo "2012"]
[WhiteFideId "34124907"]
[BlackFideId "25050389"]
[EventDate "2016.09.22"]

1. e4 c5 2. Nf3 Nc6 3. d4 cxd4 4. Nxd4 Nf6 5. Nc3 e5 6. Ndb5 d6 7. Bg5 a6 8. Na3
b5 9. Nd5 Be7 10. Bxf6 Bxf6 11. c3 Bg5 12. Nc2 O-O 13. a4 bxa4 14. Rxa4 a5 15.
Bc4 Rb8 16. b3 Kh8 17. O-O g6 18. Kh1 Bh6 19. Nce3 Bd7 20. Qf3 Bg7 21. Rd1 f5
22. Kg1 Qg5 23. exf5 gxf5 24. Nc7 f4 25. Nf1 Nd8 26. Rxa5 Bg4 27. Qd5 Bxd1 28.
Qxd1 Qe7 29. Nd5 Qg5 30. Nd2 Nb7 31. Ra7 Qg6 32. Qe2 f3 33. Nxf3 e4 34. Nh4 Qh6
35. Qxe4 Rbe8 36. Qg4 Re1+ 37. Bf1 Rxf1+ 38. Kxf1 Qc1+ 39. Ke2 Qc2+ 40. Ke1
Qxf2+ 41. Kd1 Qf1+ 42. Kd2 Bh6+ 43. Nf4 Bxf4+ 44. Kc2 Qf2+ 0-1

[Event "World Youth Girl U14 2016"]
[Site "Khanty-Mansiysk RUS"]
[Date "2016.10.01"]
[Round "9.4"]
[White "Maltsevskaya, Aleksandra"]
[Black "Serikbay, Assel"]
[Result "1-0"]
[BlackTitle "WFM"]
[WhiteElo "2319"]
[BlackElo "1996"]
[WhiteFideId "24174041"]
[BlackFideId "13706799"]
[EventDate "2016.09.22"]

1. e4 c5 2. Nf3 Nc6 3. d4 cxd4 4. Nxd4 Nf6 5. Nc3 e6 6. Ndb5 Bb4 7. a3 Bxc3+ 8.
Nxc3 d5 9. exd5 exd5 10. Bd3 O-O 11. O-O Bg4 12. f3 Be6 13. Bg5 h6 14. Bh4 Re8
15. f4 Qb6+ 16. Kh1 Bg4 17. Qc1 Ne7 18. f5 d4 19. Bxf6 Qxf6 20. Ne4 Qe5 21. f6
Nd5 22. fxg7 Kxg7 23. Nf2 Bd7 24. Ne4 f5 25. Nc5 Bc8 26. Rf3 b6 27. Rg3+ Kh7 28.
Nb3 Ne3 29. c3 dxc3 30. Qxc3 Qxc3 31. bxc3 Kh8 32. Nd4 f4 33. Rg6 Ng4 34. Bf5
Rg8 35. Rxg8+ Kxg8 36. h3 Bxf5 37. Nxf5 Nf2+ 38. Kg1 Ne4 39. Rf1 Nxc3 40. Rf3
Nd5 41. Nxh6+ Kg7 42. Ng4 b5 43. Rd3 Nb6 44. Kf2 Kg6 45. Kf3 Kg5 46. Nf2 a6 47.
Ne4+ Kf5 48. Nd6+ Ke5 49. Nf7+ Kf5 50. Nh6+ Ke5 51. Ng4+ Kf5 52. Rd6 Nc4 53.
Rf6+ Kg5 54. h4+ Kxh4 55. Kxf4 Rh8 56. Nh6 Ne3 57. Kxe3 Kg5 58. Rxa6 Rb8 59.
Nf7+ Kf5 1-0

[Event "World Youth Girl U14 2016"]
[Site "Khanty-Mansiysk RUS"]
[Date "2016.10.01"]
[Round "9.5"]
[White "Priyanka, Nutakki"]
[Black "Salonika, Saina"]
[Result "1/2-1/2"]
[BlackTitle "WCM"]
[WhiteElo "2070"]
[BlackElo "2093"]
[WhiteFideId "25049615"]
[BlackFideId "25013971"]
[EventDate "2016.09.22"]

1. d4 Nf6 2. c4 g6 3. Nc3 Bg7 4. e4 d6 5. Be2 O-O 6. Bg5 Na6 7. f4 c6 8. Qd2 Nc7
9. Bf3 Nd7 10. Nge2 Qe8 11. O-O f6 12. Bh4 e5 13. fxe5 fxe5 14. d5 c5 15. h3 Nf6
16. a4 Qd7 17. Nd1 b6 18. Nf2 Qe8 19. g4 Nd7 20. Kg2 h6 21. Nd3 Rf7 22. Bf2 Kh7
23. Be3 Qe7 24. Rh1 Ba6 25. b3 Raf8 26. Raf1 Bc8 27. Ng3 a5 28. Qe2 Rh8 29. h4
Nf8 30. Rf2 Ne8 31. Rff1 Nc7 32. Nf2 Ne8 33. Nh3 Nc7 34. Qd2 Kg8 35. Nf2 Ne8 36.
Qe2 Nh7 37. Qd2 Nc7 38. Nh3 1/2-1/2